000 00593nam a2200217Ia 4500
008 101110s9999 xx 000 0 und d
041 _aENGLISH
082 _bSR28968
100 _aRawat D.S
245 _aAdvanced Accounting (Finacial Acc.) 9th Ed. Vol-1
260 _c2006
_bTaxmann Allied Service, New
300 _a1062
365 _b225
520 _aCommerce
546 _aENGLISH
630 _aAdvanced Accounting (Finacial Acc.) 9th Ed. Vol-1
650 _aCommerce
655 _aCommerce
730 _aAdvanced Accounting (Finacial Acc.) 9th Ed. Vol-1
942 _cBOOK
999 _c821485
_d821482